[Event "3MCR_4D_2LA_1S"]
[Site "?"]
[Date "1999.??.??"]
[Round "1"]
[White "Humlicek, Vojtech"]
[Black "Jezek, Otakar"]
[Result "1-0"]
[WhiteElo "2295"]
[BlackElo "1800"]
[PlyCount "57"]
[EventDate "1999.??.??"]
[EventType "corr"]

1. e4 d6 2. d4 e6 3. Bd3 d5 4. e5 Be7 5. Nf3 b6 6. c3 Bb7 7. O-O f6 8. exf6
Nxf6 9. Ng5 Qd7 10. Qe2 Bc8 11. Re1 O-O 12. Qc2 g6 13. Bxg6 Bd6 14. Nxe6 Qe7
15. Bf5 Re8 16. Re3 c6 17. Ng5 Bxf5 18. Qxf5 Qf8 19. Nxh7 Nxh7 20. Qg6+ Qg7 21.
Rxe8+ Bf8 22. Qxg7+ Kxg7 23. Bf4 Nf6 24. Rxb8 Rxb8 25. Bxb8 a6 26. Nd2 c5 27.
dxc5 bxc5 28. Nf3 Kg6 29. Rd1 1-0

[Event "3MCR_4D_2LA_1S"]
[Site "?"]
[Date "1999.??.??"]
[Round "1"]
[White "Humlicek, Vojtech"]
[Black "Vaindl, Jaroslav"]
[Result "1/2-1/2"]
[WhiteElo "2295"]
[BlackElo "2270"]
[PlyCount "49"]
[EventDate "1999.??.??"]
[EventType "corr"]

1. e4 c5 2. Nf3 Nc6 3. d4 cxd4 4. Nxd4 Nf6 5. Nc3 e5 6. Ndb5 d6 7. Bg5 a6 8.
Na3 b5 9. Bxf6 gxf6 10. Nd5 Bg7 11. c3 f5 12. exf5 Bxf5 13. Nc2 Be6 14. Nce3
Ne7 15. Be2 Nxd5 16. Nxd5 O-O 17. O-O f5 18. a4 bxa4 19. Rxa4 a5 20. Qd2 Rc8
21. Rd1 Rc5 22. Bc4 f4 23. f3 Kh8 24. b3 e4 25. fxe4 1/2-1/2

[Event "3MCR_4D_2LA_1S"]
[Site "?"]
[Date "1999.??.??"]
[Round "1"]
[White "Pavlicek, Jan"]
[Black "Humlicek, Vojtech"]
[Result "1/2-1/2"]
[WhiteElo "2305"]
[BlackElo "2295"]
[PlyCount "64"]
[EventDate "1999.??.??"]
[EventType "corr"]

1. e4 c5 2. c3 Nf6 3. e5 Nd5 4. g3 Nc6 5. Bg2 Qc7 6. f4 e6 7. Qe2 a6 8. Nf3 d6
9. O-O Be7 10. d3 O-O 11. Nbd2 Rd8 12. Nc4 dxe5 13. Nfxe5 Rb8 14. Nxc6 Qxc6 15.
Ne5 Qc7 16. Bd2 f6 17. Ng4 b5 18. a3 Qd6 19. Nf2 Nc7 20. Rae1 Bb7 21. Bh3 f5
22. Bg2 Bxg2 23. Kxg2 Qd5+ 24. Qf3 Bf6 25. Bc1 Qxf3+ 26. Kxf3 a5 27. Be3 b4 28.
Bxc5 bxc3 29. bxc3 Bxc3 30. Rb1 Nb5 31. Rfc1 Rdc8 32. Bd6 Nxd6 1/2-1/2

[Event "3MCR_4D_2LA_1S"]
[Site "?"]
[Date "1999.??.??"]
[Round "1"]
[White "Satransky, Jaroslav"]
[Black "Slavik, Libor"]
[Result "1-0"]
[WhiteElo "2195"]
[BlackElo "2000"]
[PlyCount "49"]
[EventDate "1999.??.??"]
[EventType "corr"]

1. e4 e6 2. d4 d5 3. Nd2 c5 4. exd5 exd5 5. Ngf3 Nc6 6. Bb5 Bd6 7. dxc5 Bxc5 8.
O-O Nge7 9. Nb3 Bd6 10. c3 O-O 11. Bd3 h6 12. h3 Nf5 13. Bc2 Be6 14. Qd3 Re8
15. Re1 Qf6 16. Bd2 g6 17. Rad1 Rac8 18. Bc1 a6 19. Re2 Nh4 20. Nxh4 Qxh4 21.
Rde1 Kh8 22. Rxe6 Rxe6 23. Rxe6 fxe6 24. Qxg6 Rc7 25. Bxh6 1-0

[Event "3MCR_4D_2LA_1S"]
[Site "?"]
[Date "1999.??.??"]
[Round "1"]
[White "Slavik, Libor"]
[Black "Vaindl, Jaroslav"]
[Result "0-1"]
[WhiteElo "2000"]
[BlackElo "2270"]
[PlyCount "64"]
[EventDate "1999.??.??"]
[EventType "corr"]

1. d4 Nf6 2. c4 c5 3. d5 e6 4. Nc3 exd5 5. cxd5 d6 6. e4 g6 7. f4 Bg7 8. Bb5+
Nfd7 9. a4 O-O 10. Nf3 Na6 11. O-O Nb4 12. Re1 a6 13. Bf1 Re8 14. h3 f5 15.
exf5 gxf5 16. Ng5 Rxe1 17. Qxe1 Qf6 18. Qe8+ Nf8 19. Be3 b6 20. Rd1 Bb7 21. Qh5
h6 22. Nf3 Qg6 23. Qh4 Re8 24. Qf2 Nd7 25. Nh4 Qf7 26. Bc4 Bc8 27. Re1 Nf6 28.
Qd2 Ne4 29. Nxe4 Rxe4 30. b3 Bd7 31. Bd3 Re7 32. Rd1 Rxe3 0-1

[Event "3MCR_4D_2LA_1S"]
[Site "?"]
[Date "1999.??.??"]
[Round "1"]
[White "Marek, Jan"]
[Black "Slavik, Libor"]
[Result "1-0"]
[WhiteElo "2085"]
[BlackElo "2000"]
[PlyCount "59"]
[EventDate "1999.??.??"]
[EventType "corr"]

1. e4 e5 2. Nf3 Nc6 3. Bb5 Nd4 4. Nxd4 exd4 5. O-O c6 6. Bc4 Nf6 7. d3 d6 8.
Re1 Be7 9. Nd2 O-O 10. Nf3 c5 11. c3 dxc3 12. bxc3 Bg4 13. h3 Bh5 14. g4 Bg6
15. Nh4 Kh8 16. Qb3 Rb8 17. a4 Nd7 18. Nxg6+ fxg6 19. d4 Bh4 20. Be3 Qf6 21.
Qc2 Qf3 22. Bf1 Rbe8 23. Bg2 Qf7 24. a5 Qc4 25. Ra4 Qa6 26. Rb1 Re7 27. Qb3
cxd4 28. cxd4 Ref7 29. Rb2 Nb8 30. d5 1-0

[Event "3MCR_4D_2LA_1S"]
[Site "?"]
[Date "1999.??.??"]
[Round "1"]
[White "Holas, Jaroslav"]
[Black "Rybak, Milan"]
[Result "0-1"]
[WhiteElo "2225"]
[BlackElo "2200"]
[PlyCount "76"]
[EventDate "1999.??.??"]
[EventType "corr"]

1. d4 Nf6 2. Bg5 d5 3. e3 e6 4. c4 Be7 5. Nc3 O-O 6. Nf3 h6 7. Bh4 b6 8. cxd5
Nxd5 9. Bxe7 Qxe7 10. Nxd5 exd5 11. Rc1 Be6 12. Qa4 c5 13. Qa3 Rc8 14. Be2 Qb7
15. dxc5 bxc5 16. b3 c4 17. Nd4 cxb3 18. axb3 Rxc1+ 19. Qxc1 Bd7 20. Qa3 Nc6
21. O-O Nxd4 22. exd4 Bb5 23. Bxb5 Qxb5 24. Ra1 Qd3 25. Qa4 a5 26. Qc6 Rb8 27.
Qxd5 a4 28. f3 Qe3+ 29. Kf1 axb3 30. Qe4 b2 31. Rb1 Qc1+ 32. Kf2 Rd8 33. d5 Rc8
34. Kg3 Rc4 35. Qd3 Rc2 36. Rxc1 bxc1=Q 37. Kh3 Qd2 38. Qxd2 Rxd2 0-1

[Event "3MCR_4D_2LA_1S"]
[Site "?"]
[Date "1999.??.??"]
[Round "1"]
[White "Marek, Jan"]
[Black "Rybak, Milan"]
[Result "0-1"]
[WhiteElo "2085"]
[BlackElo "2200"]
[PlyCount "64"]
[EventDate "1999.??.??"]
[EventType "corr"]

1. e4 e5 2. Nf3 Nc6 3. Bb5 f5 4. Nc3 fxe4 5. Nxe4 Nf6 6. Nxf6+ Qxf6 7. Qe2 Be7
8. Bxc6 dxc6 9. Nxe5 Bf5 10. d3 O-O 11. Bd2 Rae8 12. Bc3 Bd6 13. f4 Bxd3 14.
cxd3 Qxf4 15. d4 c5 16. g3 Qf5 17. Qc4+ Kh8 18. O-O-O cxd4 19. Bxd4 Bxe5 20.
Bxe5 Qxe5 21. Rhf1 Rxf1 22. Rxf1 h6 23. a3 b5 24. Qd3 c5 25. Rd1 c4 26. Qd4 Qh5
27. Qxa7 Qg5+ 28. Kb1 Qf5+ 29. Ka1 c3 30. Qd4 Qc2 31. Rb1 Re1 32. Qd8+ Kh7 0-1

[Event "3MCR_4D_2LA_1S"]
[Site "?"]
[Date "1999.??.??"]
[Round "1"]
[White "Jezek, Otakar"]
[Black "Holas, Jaroslav"]
[Result "0-1"]
[WhiteElo "1800"]
[BlackElo "2225"]
[PlyCount "84"]
[EventDate "1999.??.??"]
[EventType "corr"]

1. g3 e5 2. Bg2 d5 3. d3 Nf6 4. e4 dxe4 5. Nc3 exd3 6. cxd3 Bc5 7. Nh3 O-O 8.
O-O h6 9. Kh1 Nc6 10. f4 Bg4 11. Qb3 Qd7 12. Qxb7 Bxh3 13. Bxc6 Qxd3 14. Rd1
Qc2 15. Rd2 Qf5 16. Qb5 Bd4 17. Bxa8 Rxa8 18. Re2 Qg4 19. Qd3 Bxc3 20. fxe5 Bf1
21. exf6 Bxe2 22. Qxc3 Re8 23. Bd2 Bf3+ 24. Kg1 Re2 25. Re1 Rg2+ 26. Kf1 Rxh2
27. Re8+ Kh7 28. Qc2+ g6 29. Qxc7 Qh3+ 30. Ke1 Rh1+ 31. Kf2 Qg2+ 32. Ke3 Qe2+
33. Kd4 Qxe8 34. Qxa7 Rh5 35. Qc7 Rd5+ 36. Kc3 Rd7 37. Qf4 Qc8+ 38. Kb4 Rb7+
39. Ka3 Qa8+ 40. Qa4 Ra7 41. b3 Rxa4+ 42. bxa4 Qd8 0-1

[Event "3MCR_4D_2LA_1S"]
[Site "?"]
[Date "1999.??.??"]
[Round "1"]
[White "Vaindl, Jaroslav"]
[Black "Jezek, Otakar"]
[Result "1-0"]
[WhiteElo "2270"]
[BlackElo "1800"]
[PlyCount "77"]
[EventDate "1999.??.??"]
[EventType "corr"]

1. e4 e5 2. Nf3 Nc6 3. Bb5 d6 4. d4 Nf6 5. dxe5 Nxe4 6. Qd5 Nxf2 7. Kxf2 Bd7 8.
Bg5 Be7 9. exd6 cxd6 10. Bxe7 Qb6+ 11. Kg3 Nxe7 12. Bxd7+ Kxd7 13. Ne5+ Kc7 14.
Qc4+ Qc5 15. Nc3 Qxc4 16. Nxc4 Nf5+ 17. Kf4 Nd4 18. Rad1 Nxc2 19. Nd5+ Kd7 20.
Rd2 b5 21. Nxd6 Kxd6 22. Nb6+ Kc6 23. Nxa8 Rc8 24. Rc1 Rxa8 25. Rdxc2+ Kb6 26.
Rc8 Rxc8 27. Rxc8 a6 28. b4 f6 29. Kf5 a5 30. a3 a4 31. g4 h6 32. Rc5 Ka6 33.
Ke6 Kb6 34. Kd7 g6 35. Rc6+ Kb7 36. Rxf6 h5 37. g5 h4 38. h3 Kb8 39. Kc6 1-0

[Event "3MCR_4D_2LA_1S"]
[Site "?"]
[Date "1999.??.??"]
[Round "1"]
[White "Vaindl, Jaroslav"]
[Black "Tkac, Leopold"]
[Result "1-0"]
[WhiteElo "2270"]
[BlackElo "2140"]
[PlyCount "87"]
[EventDate "1999.??.??"]
[EventType "corr"]

1. e4 e5 2. Nf3 Nc6 3. Bb5 a6 4. Ba4 Nf6 5. O-O Be7 6. Re1 b5 7. Bb3 O-O 8. c3
d6 9. h3 Na5 10. Bc2 c5 11. d4 Qc7 12. Nbd2 cxd4 13. cxd4 Bb7 14. d5 Rac8 15.
Bd3 Nd7 16. Nf1 f5 17. Bg5 Nc5 18. Bxe7 Qxe7 19. exf5 Nc4 20. Bxc4 bxc4 21. Ne3
Nd3 22. Re2 Rc5 23. b3 Nf4 24. bxc4 Nxe2+ 25. Qxe2 Bc8 26. Rb1 Rc7 27. Qc2 Rb7
28. Rxb7 Bxb7 29. Nd2 Rb8 30. Ne4 Bc8 31. c5 dxc5 32. d6 Qf8 33. Qxc5 Bxf5 34.
Qd5+ Kh8 35. Nxf5 Qxf5 36. d7 Rd8 37. Nc5 Qb1+ 38. Kh2 Qf5 39. Ne6 Qf7 40. Qc6
Qxd7 41. Nxd8 Qxd8 42. Qxa6 Qb8 43. a4 e4+ 44. Kg1 1-0

[Event "3MCR_4D_2LA_1S"]
[Site "?"]
[Date "1999.??.??"]
[Round "1"]
[White "Vaindl, Jaroslav"]
[Black "Hrdy, Roman"]
[Result "1/2-1/2"]
[WhiteElo "2270"]
[BlackElo "2415"]
[PlyCount "64"]
[EventDate "1999.??.??"]
[EventType "corr"]

1. e4 d6 2. d4 Nf6 3. Nc3 g6 4. f4 Bg7 5. Nf3 O-O 6. Bd3 Nc6 7. O-O Bg4 8. e5
dxe5 9. dxe5 Nd5 10. h3 Nxc3 11. bxc3 Bf5 12. Be3 Qd7 13. Qe2 Rad8 14. Rad1
Bxd3 15. cxd3 b6 16. d4 e6 17. c4 Ne7 18. Bf2 b5 19. cxb5 Nd5 20. Qc4 Nxf4 21.
Rc1 Bh6 22. Rc2 Nd5 23. a4 Rb8 24. Ne1 Rfc8 25. Nd3 c6 26. Nc5 Qe8 27. Ra2 cxb5
28. axb5 Rc7 29. Rb1 Qe7 30. Rba1 Bf4 31. Kh1 h5 32. Ra6 Re8 1/2-1/2

[Event "3MCR_4D_2LA_1S"]
[Site "?"]
[Date "1999.??.??"]
[Round "1"]
[White "Pavlicek, Jan"]
[Black "Satransky, Jaroslav"]
[Result "0-1"]
[WhiteElo "2305"]
[BlackElo "2195"]
[PlyCount "44"]
[EventDate "1999.??.??"]
[EventType "corr"]

1. e4 e5 2. Nf3 Nc6 3. Nc3 Nf6 4. Bb5 Bb4 5. O-O O-O 6. Bxc6 dxc6 7. d3 Bd6 8.
h3 Nd7 9. Be3 Re8 10. Qd2 Nc5 11. Ne2 Ne6 12. Ng5 Nf4 13. Nxf4 Qxg5 14. Ne2 Qg6
15. Kh1 b6 16. Rg1 f5 17. exf5 Bxf5 18. Ng3 Be6 19. Ne4 c5 20. b3 Bd5 21. f3
Rf8 22. Bxc5 Bxc5 0-1

[Event "3MCR_4D_2LA_1S"]
[Site "?"]
[Date "1999.??.??"]
[Round "1"]
[White "Jezek, Otakar"]
[Black "Satransky, Jaroslav"]
[Result "0-1"]
[WhiteElo "1800"]
[BlackElo "2195"]
[PlyCount "48"]
[EventDate "1999.??.??"]
[EventType "corr"]

1. d4 Nf6 2. Nc3 d5 3. e3 c5 4. Nf3 Nc6 5. Bb5 Bg4 6. dxc5 e6 7. Qd3 Bxf3 8.
gxf3 Bxc5 9. Bd2 O-O 10. O-O-O Qc7 11. Bxc6 bxc6 12. Na4 Be7 13. Bc3 c5 14. h3
Qc6 15. Bxf6 Bxf6 16. Qa3 Rab8 17. c3 c4 18. Kc2 Rb5 19. b4 a5 20. Rb1 Ra8 21.
Rhg1 g6 22. f4 axb4 23. cxb4 Ra7 24. Kd2 Qa8 0-1

[Event "3MCR_4D_2LA_1S"]
[Site "?"]
[Date "1999.??.??"]
[Round "1"]
[White "Kupsovsky, Vaclav"]
[Black "Holas, Jaroslav"]
[Result "1-0"]
[WhiteElo "2200"]
[BlackElo "2225"]
[PlyCount "67"]
[EventDate "1999.??.??"]
[EventType "corr"]

1. f4 d5 2. Nf3 Nf6 3. b3 g6 4. Bb2 Bg7 5. e3 c5 6. Be2 Nc6 7. O-O O-O 8. Qe1
d4 9. Na3 Nd5 10. Bc4 Nb6 11. Bb5 dxe3 12. Bxg7 Kxg7 13. Bxc6 bxc6 14. Qxe3 Qd6
15. Rae1 Nd5 16. Qe4 Bg4 17. Nc4 Qf6 18. Nce5 Bf5 19. Qc4 Qd6 20. d4 cxd4 21.
Nxd4 c5 22. Nxf5+ gxf5 23. Qd3 f6 24. Nc4 Qd7 25. Rd1 Rad8 26. Ne3 e6 27. c4
Nb6 28. Nxf5+ Kh8 29. Qxd7 Rxd7 30. Rxd7 Nxd7 31. Rd1 Rf7 32. Nd6 Rg7 33. Nb5
a5 34. Rd6 1-0

[Event "3MCR_4D_2LA_1S"]
[Site "?"]
[Date "1999.??.??"]
[Round "1"]
[White "Jezek, Otakar"]
[Black "Kupsovsky, Vaclav"]
[Result "0-1"]
[WhiteElo "1800"]
[BlackElo "2200"]
[PlyCount "68"]
[EventDate "1999.??.??"]
[EventType "corr"]

1. Nf3 d5 2. d4 Nf6 3. e3 e6 4. Bd3 c5 5. c4 dxc4 6. Qa4+ b5 7. Qxc4 bxc4 8.
Bxc4 cxd4 9. Nxd4 Bb4+ 10. Bd2 Bxd2+ 11. Nxd2 O-O 12. O-O Bb7 13. Rfd1 Nc6 14.
Nxc6 Bxc6 15. Rac1 Ng4 16. Be2 Bxg2 17. Bxg4 Qg5 18. Kxg2 Qxg4+ 19. Kf1 Rac8
20. f3 Rxc1 21. Rxc1 Qb4 22. Nc4 g5 23. b3 f5 24. Rd1 g4 25. f4 Qb7 26. Kg1 g3
27. hxg3 Qf3 28. Rd2 Rc8 29. Rf2 Qd5 30. Rd2 Rxc4 31. Rxd5 Rc1+ 32. Kf2 exd5
33. Kf3 Rc2 34. a4 Rc3 0-1

[Event "3MCR_4D_2LA_1S"]
[Site "?"]
[Date "1999.??.??"]
[Round "1"]
[White "Tkac, Leopold"]
[Black "Pavlicek, Jan"]
[Result "1-0"]
[WhiteElo "2140"]
[BlackElo "2305"]
[PlyCount "77"]
[EventDate "1999.??.??"]
[EventType "corr"]

1. e4 e5 2. Nf3 Nc6 3. Bc4 Nf6 4. Ng5 d5 5. exd5 Na5 6. Bb5+ c6 7. dxc6 bxc6 8.
Be2 h6 9. Nf3 e4 10. Ne5 Qc7 11. d4 exd3 12. Nxd3 Bd6 13. Be3 c5 14. Nc3 Nc4
15. Nf4 Nxe3 16. fxe3 a6 17. Qd2 O-O 18. Ncd5 Nxd5 19. Nxd5 Qb8 20. O-O-O Bxh2
21. Ne7+ Kh8 22. Nxc8 Rxc8 23. Bc4 Ra7 24. c3 Be5 25. Qd3 Rc6 26. Qe4 Rb6 27.
Bd3 Rg6 28. Rdf1 Qe8 29. Rxf7 Qxf7 30. Qxg6 Qxg6 31. Bxg6 Bf6 32. Rd1 Be7 33.
e4 a5 34. e5 Kg8 35. Kc2 Ra6 36. Bd3 Rb6 37. Rf1 Rb7 38. a3 h5 39. e6 1-0

[Event "3MCR_4D_2LA_1S"]
[Site "?"]
[Date "1999.??.??"]
[Round "1"]
[White "Smolka, Josef"]
[Black "Tkac, Leopold"]
[Result "0-1"]
[WhiteElo "2275"]
[BlackElo "2140"]
[PlyCount "49"]
[EventDate "1999.??.??"]
[EventType "corr"]

1. e4 e5 2. Nf3 Nc6 3. Bb5 a6 4. Ba4 Nf6 5. O-O Be7 6. Re1 b5 7. Bb3 O-O 8. a4
Bb7 9. d3 b4 10. Nbd2 d6 11. Nc4 a5 12. c3 Re8 13. Ne3 Qd7 14. Bc4 Ba6 15. Bxa6
Rxa6 16. c4 Nd8 17. d4 exd4 18. Nxd4 Nxe4 19. Nef5 Bf6 20. Qg4 Nc5 21. Bh6 Nde6
22. h4 Raa8 23. Rad1 Nxd4 24. Rxd4 Rxe1+ 25. Kh2 0-1

[Event "3MCR_4D_2LA_1S"]
[Site "?"]
[Date "1999.??.??"]
[Round "1"]
[White "Rybak, Milan"]
[Black "Tkac, Leopold"]
[Result "1-0"]
[WhiteElo "2200"]
[BlackElo "2140"]
[PlyCount "57"]
[EventDate "1999.??.??"]
[EventType "corr"]

1. e4 e5 2. Nf3 Nc6 3. Bc4 Nf6 4. d4 exd4 5. e5 Ne4 6. Qe2 Nc5 7. O-O Ne6 8.
Bd5 Bc5 9. c3 dxc3 10. Nxc3 O-O 11. Rd1 Qe7 12. Ne4 Bb6 13. Bg5 Nxg5 14. Nfxg5
h6 15. Qd3 g6 16. Nf6+ Kg7 17. Bxc6 bxc6 18. Nf3 d6 19. Qc3 Re8 20. Nxe8+ Qxe8
21. exd6+ Kg8 22. Re1 Be6 23. dxc7 Rc8 24. Ne5 Qe7 25. Ng4 Qxc7 26. Nxh6+ Kh7
27. Re4 Qd8 28. Ng4 Bxg4 29. Rxg4 1-0

[Event "3MCR_4D_2LA_1S"]
[Site "?"]
[Date "1999.??.??"]
[Round "1"]
[White "Smolka, Josef"]
[Black "Jezek, Otakar"]
[Result "1-0"]
[WhiteElo "2275"]
[BlackElo "1800"]
[PlyCount "79"]
[EventDate "1999.??.??"]
[EventType "corr"]

1. e4 Nc6 2. d4 e6 3. Nf3 d5 4. e5 f6 5. c3 f5 6. Bd3 Nh6 7. Bxh6 gxh6 8. Nbd2
Rg8 9. g3 Bd7 10. Qe2 Qe7 11. O-O-O O-O-O 12. Kb1 Be8 13. Nh4 Bg7 14. Ng2 Bg6
15. Nf4 Nb8 16. Nf3 Nd7 17. c4 dxc4 18. Bxc4 Bf7 19. d5 exd5 20. Bxd5 Nb6 21.
Bxf7 Qxf7 22. e6 Qe7 23. Nh4 Qf6 24. Nh5 Rxd1+ 25. Rxd1 Qe5 26. Qxe5 Bxe5 27.
f4 Bh8 28. Nxf5 Re8 29. Nhg7 Bxg7 30. Nxg7 Re7 31. f5 Rxg7 32. f6 Rd7 33. Rxd7
Nxd7 34. f7 Kd8 35. exd7 Kxd7 36. f8=Q h5 37. Qc5 h4 38. Qd4+ Kc6 39. Qxh4 a6
40. Qxh7 1-0

[Event "3MCR_4D_2LA_1S"]
[Site "?"]
[Date "1999.??.??"]
[Round "1"]
[White "Marek, Jan"]
[Black "Lasek, Milos"]
[Result "0-1"]
[WhiteElo "2085"]
[BlackElo "1800"]
[PlyCount "78"]
[EventDate "1999.??.??"]
[EventType "corr"]

1. e4 e5 2. Nf3 Nc6 3. Bb5 a6 4. Ba4 Nf6 5. O-O Be7 6. Re1 b5 7. Bb3 d6 8. c3
O-O 9. h3 Bb7 10. d4 Re8 11. Nbd2 Bf8 12. d5 Nb8 13. Nf1 Nbd7 14. Ng3 g6 15.
Nh2 Nc5 16. Bc2 a5 17. b3 c6 18. dxc6 Bxc6 19. Bg5 Ne6 20. Be3 d5 21. exd5 Nxd5
22. Qd2 f5 23. Bh6 Ndf4 24. Qxd8 Raxd8 25. Bxf8 Nxf8 26. Rad1 Bxg2 27. h4 Ba8
28. Rxd8 Rxd8 29. Rd1 Rc8 30. c4 N8e6 31. Rd7 Nd4 32. Bd1 bxc4 33. bxc4 Rb8 34.
Nhf1 Nh3+ 35. Kh2 Nxf2 36. Be2 f4 37. Ra7 Bc6 38. Rxa5 Rb2 39. Rxe5 Ng4+ 0-1

[Event "3MCR_4D_2LA_1S"]
[Site "?"]
[Date "1999.??.??"]
[Round "1"]
[White "Lasek, Milos"]
[Black "Holas, Jaroslav"]
[Result "1-0"]
[WhiteElo "1800"]
[BlackElo "2225"]
[PlyCount "67"]
[EventDate "1999.??.??"]
[EventType "corr"]

1. e4 d5 2. exd5 Nf6 3. c4 c6 4. d4 cxd5 5. Nc3 Nc6 6. Bg5 e6 7. Nf3 Be7 8. c5
O-O 9. Bb5 Ne4 10. Bxe7 Qxe7 11. O-O Ng5 12. Nxg5 Qxg5 13. f4 Qf6 14. Bxc6 bxc6
15. Qd2 Bd7 16. Rae1 Rfb8 17. Rf3 Rb7 18. Re5 Rab8 19. b3 g6 20. g4 Qg7 21. g5
Rf8 22. Nd1 Bc8 23. Nf2 f6 24. gxf6 Qxf6 25. Ng4 Qh4 26. Rg3 Rg7 27. Re1 Rf5
28. Rf1 g5 29. fxg5 Rfxg5 30. Qf4 Kh8 31. Qf8+ Rg8 32. Qf6+ R8g7 33. Kh1 Ba6
34. Nh6 1-0

[Event "3MCR_4D_2LA_1S"]
[Site "?"]
[Date "1999.??.??"]
[Round "1"]
[White "Tkac, Leopold"]
[Black "Marek, Jan"]
[Result "1-0"]
[WhiteElo "2140"]
[BlackElo "2085"]
[PlyCount "87"]
[EventDate "1999.??.??"]
[EventType "corr"]

1. e4 e5 2. Nf3 Nc6 3. Bb5 a6 4. Ba4 Nf6 5. O-O Be7 6. Re1 b5 7. Bb3 d6 8. d3
Na5 9. Bd2 Nxb3 10. axb3 Bb7 11. Nc3 c5 12. Ne2 O-O 13. Ng3 Re8 14. Ba5 Qd7 15.
b4 Bf8 16. bxc5 dxc5 17. Qd2 Qc6 18. Nf5 Nd7 19. Qg5 Qf6 20. Qxf6 Nxf6 21. Bc3
Nd7 22. b3 g6 23. Ne3 Bd6 24. Nd5 Bxd5 25. exd5 b4 26. Bb2 f6 27. Nd2 Bc7 28.
f4 exf4 29. Rxe8+ Rxe8 30. Rxa6 Be5 31. Bxe5 Rxe5 32. Rd6 Re2 33. Nc4 Re7 34.
Kf2 Kf7 35. Rc6 Re8 36. Nd6+ Ke7 37. Nxe8 Kxe8 38. Kf3 Ne5+ 39. Kxf4 Nxc6 40.
dxc6 Ke7 41. d4 cxd4 42. Ke4 Kd6 43. Kxd4 Kxc6 44. Kc4 1-0

[Event "3MCR_4D_2LA_1S"]
[Site "?"]
[Date "1999.??.??"]
[Round "1"]
[White "Holas, Jaroslav"]
[Black "Humlicek, Vojtech"]
[Result "0-1"]
[WhiteElo "2225"]
[BlackElo "2295"]
[PlyCount "72"]
[EventDate "1999.??.??"]
[EventType "corr"]

1. d4 Nf6 2. Bg5 c6 3. c3 Ne4 4. Bf4 d5 5. f3 Nd6 6. Nd2 Bf5 7. Bxd6 exd6 8. e4
dxe4 9. fxe4 Be6 10. Ngf3 Nd7 11. Bd3 Be7 12. Qe2 O-O 13. O-O Re8 14. Qf2 Nf8
15. Bc4 Ng6 16. e5 dxe5 17. Nxe5 Nxe5 18. Bxe6 fxe6 19. dxe5 Rf8 20. Nf3 Qa5
21. Qc2 Qb6+ 22. Kh1 Rad8 23. a4 Rd5 24. b4 Qe3 25. Rfe1 Qd3 26. Rac1 c5 27. b5
c4 28. Qxd3 cxd3 29. c4 Rd7 30. Red1 b6 31. Rc3 d2 32. Kg1 Bc5+ 33. Kf1 Rd4 34.
Ke2 Rg4 35. Kf1 Bb4 36. Rc2 Re4 0-1

[Event "3MCR_4D_2LA_1S"]
[Site "?"]
[Date "1999.??.??"]
[Round "1"]
[White "Humlicek, Vojtech"]
[Black "Rybak, Milan"]
[Result "0-1"]
[WhiteElo "2295"]
[BlackElo "2200"]
[PlyCount "54"]
[EventDate "1999.??.??"]
[EventType "corr"]

1. e4 e5 2. Nf3 Nc6 3. Bb5 f5 4. Bxc6 dxc6 5. Nc3 Nf6 6. Qe2 fxe4 7. Nxe4 Bg4
8. h3 Bxf3 9. Qxf3 Qd5 10. d3 Bb4+ 11. Bd2 Bxd2+ 12. Nxd2 O-O 13. O-O Qc5 14.
Qd1 Rad8 15. Nb3 Qd6 16. Re1 Nd5 17. Qg4 Rf6 18. Qc4 b5 19. Qe4 Rdf8 20. Rf1
Rg6 21. Kh1 Rf4 22. Qe1 Rh4 23. f4 Rxf4 24. Rf2 Qf6 25. Rd2 Rf3 26. Qe2 Rxg2
27. Qxg2 Ne3 0-1

[Event "3MCR_4D_2LA_1S"]
[Site "?"]
[Date "1999.??.??"]
[Round "1"]
[White "Rybak, Milan"]
[Black "Pavlicek, Jan"]
[Result "1-0"]
[WhiteElo "2200"]
[BlackElo "2305"]
[PlyCount "73"]
[EventDate "1999.??.??"]
[EventType "corr"]

1. e4 e5 2. Nf3 Nc6 3. Bc4 Bc5 4. b4 Bxb4 5. c3 Ba5 6. d4 d6 7. Qb3 Qd7 8. dxe5
Bb6 9. Nbd2 Nh6 10. exd6 Qxd6 11. Bd5 Na5 12. Qb4 Ng4 13. Qxd6 cxd6 14. O-O Be6
15. Ba3 O-O-O 16. c4 Rhe8 17. Rab1 Nc6 18. h3 Nge5 19. Nxe5 Nxe5 20. Rfc1 Nd3
21. Rc3 Nf4 22. Kf1 Rd7 23. Rcb3 g5 24. Rb5 Rg8 25. R1b3 h5 26. Nb1 g4 27. h4
Kb8 28. g3 Bxd5 29. exd5 Ng6 30. Nc3 Rc8 31. Na4 Bd4 32. c5 dxc5 33. Bxc5 Be5
34. Kg2 b6 35. Bxb6 axb6 36. Rxb6+ Kc7 37. Rb7+ 1-0

[Event "3MCR_4D_2LA_1S"]
[Site "?"]
[Date "1999.??.??"]
[Round "1"]
[White "Vaindl, Jaroslav"]
[Black "Rybak, Milan"]
[Result "1/2-1/2"]
[WhiteElo "2270"]
[BlackElo "2200"]
[PlyCount "67"]
[EventDate "1999.??.??"]
[EventType "corr"]

1. e4 e5 2. Nf3 Nc6 3. Bb5 f5 4. Nc3 fxe4 5. Nxe4 Nf6 6. Nxf6+ Qxf6 7. Qe2 Be7
8. Bxc6 dxc6 9. Nxe5 Bf5 10. d3 O-O 11. O-O Rae8 12. f4 Bd6 13. Re1 g5 14. g3
gxf4 15. Bxf4 Bxd3 16. Qxd3 Bxe5 17. Bxe5 Rxe5 18. Rf1 Rf5 19. Rxf5 Qxf5 20.
Qxf5 Rxf5 21. Re1 Rd5 22. Kf2 Kf7 23. Re4 Rd2+ 24. Re2 Rd1 25. g4 a5 26. Kg3 a4
27. a3 c5 28. g5 Kg6 29. h4 Rg1+ 30. Kf4 Rf1+ 31. Ke5 Kh5 32. Re4 Rf2 33. Rc4
b6 34. Rxa4 1/2-1/2

[Event "3MCR_4D_2LA_1S"]
[Site "?"]
[Date "1999.??.??"]
[Round "1"]
[White "Strnad, Martin"]
[Black "Kupsovsky, Vaclav"]
[Result "1/2-1/2"]
[WhiteElo "1975"]
[BlackElo "2200"]
[PlyCount "53"]
[EventDate "1999.??.??"]
[EventType "corr"]

1. e4 e6 2. d4 d5 3. e5 c5 4. c3 Nc6 5. Nf3 Qb6 6. Bd3 cxd4 7. cxd4 Bd7 8. O-O
Nh6 9. Bc2 Nb4 10. Bb3 Nf5 11. Nc3 h5 12. Bg5 Be7 13. Bxe7 Nxe7 14. Rc1 Nbc6
15. Na4 Qc7 16. Nc5 b6 17. Nd3 Qd8 18. Nf4 Nf5 19. Bc2 Nh4 20. Nxh4 Qxh4 21.
Qd2 Qg5 22. Rfd1 O-O 23. a3 Rac8 24. b4 Rfd8 25. Qe3 Qh6 26. Bd3 Ne7 27. Ba6
1/2-1/2

[Event "3MCR_4D_2LA_1S"]
[Site "?"]
[Date "1999.??.??"]
[Round "1"]
[White "Satransky, Jaroslav"]
[Black "Holas, Jaroslav"]
[Result "1-0"]
[WhiteElo "2195"]
[BlackElo "2225"]
[PlyCount "49"]
[EventDate "1999.??.??"]
[EventType "corr"]

1. e4 d5 2. exd5 Nf6 3. d4 Nxd5 4. c4 Nb4 5. Qa4+ N8c6 6. a3 Na6 7. Be3 Bd7 8.
Qd1 e5 9. d5 Ncb8 10. b4 c5 11. b5 Nc7 12. Nc3 Bd6 13. Ne4 Qe7 14. Qh5 O-O 15.
Nf3 f6 16. Rd1 b6 17. Bd3 Be8 18. Qh4 Bg6 19. Nxd6 Bxd3 20. Ne4 g5 21. Nexg5
fxg5 22. Bxg5 Qf7 23. Rxd3 Qf5 24. Rb3 Qc2 25. Bh6 1-0

[Event "3MCR_4D_2LA_1S"]
[Site "?"]
[Date "1999.??.??"]
[Round "1"]
[White "Satransky, Jaroslav"]
[Black "Hrdy, Roman"]
[Result "0-1"]
[WhiteElo "2195"]
[BlackElo "2415"]
[PlyCount "72"]
[EventDate "1999.??.??"]
[EventType "corr"]

1. e4 d6 2. d4 Nf6 3. Nc3 g6 4. Be2 Bg7 5. h4 h5 6. Nh3 Nc6 7. Ng5 e5 8. dxe5
Nxe5 9. f4 Nc6 10. Be3 Ng4 11. Qd2 Nxe3 12. Qxe3 Nd4 13. O-O-O Nxe2+ 14. Nxe2
Qe7 15. Nd4 Bg4 16. Ndf3 O-O 17. Rhf1 Rfe8 18. Rfe1 a5 19. Rd3 f6 20. Nh3 Qf7
21. Kb1 Be6 22. a3 b5 23. Nf2 b4 24. a4 Bc4 25. Rd4 b3 26. cxb3 Bxb3 27. Qc3
Be6 28. Ka1 Rab8 29. Nd3 Qe7 30. e5 fxe5 31. fxe5 Bf7 32. Rde4 dxe5 33. Ndxe5
Qe6 34. Qa3 Bf8 35. Nxf7 Qxe4 36. Rxe4 Bxa3 0-1

[Event "3MCR_4D_2LA_1S"]
[Site "?"]
[Date "1999.??.??"]
[Round "1"]
[White "Strnad, Martin"]
[Black "Holas, Jaroslav"]
[Result "1-0"]
[WhiteElo "1975"]
[BlackElo "2225"]
[PlyCount "83"]
[EventDate "1999.??.??"]
[EventType "corr"]

1. d4 Nf6 2. c4 e6 3. g3 Bb4+ 4. Bd2 Bxd2+ 5. Nxd2 d5 6. Bg2 O-O 7. Ngf3 Nbd7
8. O-O c6 9. Rc1 Qe7 10. Re1 Rb8 11. cxd5 exd5 12. Qc2 Ne4 13. e3 Ndf6 14. Nxe4
Nxe4 15. Qa4 a6 16. Re2 Bg4 17. Rec2 Bxf3 18. Bxf3 f5 19. b4 g5 20. Qb3 f4 21.
exf4 gxf4 22. Re1 Kh8 23. Bg2 f3 24. Bxf3 Nd2 25. Rxe7 Nxb3 26. Bxd5 Nxd4 27.
Be4 Nxc2 28. Rxh7+ Kg8 29. Bxc2 Rf3 30. Rd7 Rc3 31. Bb3+ Kh8 32. Kg2 c5 33.
bxc5 Rxc5 34. f4 a5 35. g4 Rcc8 36. f5 Rd8 37. Rc7 Rdc8 38. Rxc8+ Rxc8 39. g5
b5 40. f6 a4 41. Be6 Rc6 42. Bd7 1-0